東京26市 - Statistics

General Stats
  • This quiz has been taken 130 times
  • The average score is 22 of 26
Answer Stats
Answer % Correct
立川市
96%
八王子市
96%
町田市
96%
国分寺市
93%
東村山市
92%
三鷹市
92%
あきる野市
91%
西東京市
90%
国立市
89%
調布市
89%
府中市
89%
青梅市
88%
多摩市
88%
武蔵村山市
88%
武蔵野市
87%
東久留米市
86%
福生市
86%
狛江市
84%
日野市
83%
稲城市
82%
昭島市
81%
小平市
78%
小金井市
77%
清瀬市
75%
東大和市
73%
羽村市
68%
No matching quizzes found
Score Distribution
Percent of People with Each Score
Percentile by Number Answered
Your Score History
You have not taken this quiz